| 000 | 00889nam a2200277 a 4500 | ||
|---|---|---|---|
| 001 | 43958 | ||
| 003 | BD-RjUL | ||
| 005 | 20211209053757.0 | ||
| 008 | 160629m19631951pk ka 000 0 eng | ||
| 035 | _a(BD-RjUL)44076 | ||
| 035 | _a(OCoLC)19442105 | ||
| 040 |
_aDLC _cMnU-L _dMoSU-L _dDLC _dBD-RjUL _beng |
||
| 041 | _aeng | ||
| 082 |
_223 _a343.5491052 _bNAL 1963 |
||
| 100 | 1 | 0 |
_a Naqv, S.M. Raza _9135039 |
| 245 | 1 | 0 |
_aThe Law and practice of income-tax in Pakistan : _b Act XI of 1922 / _cS.M. Raza Naqvi |
| 250 | _a3rd mostly re-written and enl. ed. | ||
| 260 |
_aLahore : _bTaxation, _c1963 |
||
| 300 |
_a2 v. : _bill. ; _c26 cm. |
||
| 490 | _v1 | ||
| 505 | 0 | _a[Vol.-1--Vol.] | |
| 650 | 0 |
_aCorporations _xTaxation _xLaw and legislation _zPakistan. _9135040 |
|
| 650 | 0 |
_aIncome tax _xLaw and legislation _zPakistan. _9135041 |
|
| 942 |
_2ddc _cBK |
||
| 999 |
_c43958 _d43958 |
||